| 000 | 01608pam a2200385 a 4500 | ||
|---|---|---|---|
| 001 | 2506616 | ||
| 003 | OSt | ||
| 005 | 20150527162452.0 | ||
| 008 | 921228s1993 ohuab b s001 0deng | ||
| 010 | _a 92047361 | ||
| 020 | _a082141058X | ||
| 020 | _a0821410598 (pbk.) | ||
| 020 | _a0852557108 (James Currey cloth) | ||
| 020 | _a0852557027 (James Currey paper) | ||
| 040 |
_aDLC _cDLC _dDLC |
||
| 043 | _af-ug--- | ||
| 050 | 0 | 0 |
_aDT433.27 _b.T87 1993 |
| 082 | 0 | 0 |
_a967.6 TWA 1993 _220 |
| 100 | 1 |
_aTwaddle, Michael. _95004 |
|
| 245 | 1 | 0 |
_aKakungulu & the creation of Uganda, 1868-1928 / _cMichael Twaddle. |
| 260 |
_aLondon : _bJames Currey ; _aNairobi : _bE.A.E.P ; _aAthens : _bOhio University Press ; _aKampala : _bFountain Publishers, _c1993. |
||
| 300 |
_aix, 310 p. : _bill., maps ; _c23 cm. |
||
| 490 | 1 | _aEastern African studies | |
| 504 | _aIncludes bibliographical references and index. | ||
| 600 | 1 | 0 |
_aKakungulu, Semei, _d1868-1928. _95005 |
| 650 | 0 |
_aGanda (African people) _xKings and rulers _xBiography. _95006 |
|
| 651 | 0 |
_aUganda _xHistory _y1890-1962. _95007 |
|
| 740 | 0 | _aKakungulu and the creation of Uganda, 1868-1928. | |
| 830 | 0 |
_aEastern African studies (London, England) _95008 |
|
| 856 | 4 | 2 |
_3Publisher description _uhttp://www.loc.gov/catdir/enhancements/fy1315/92047361-d.html |
| 856 | 4 | 2 |
_3Contributor biographical information _uhttp://www.loc.gov/catdir/enhancements/fy1315/92047361-b.html |
| 906 |
_a7 _bcbc _corignew _d1 _eocip _f19 _gy-gencatlg |
||
| 942 |
_2z _cSLOAN |
||
| 999 |
_c1904 _d1904 |
||